Datum a čas kvízu
32.5
Celkem bodů
Celkový počet nahraných bodů na tomto kvízu bez doplňovacích otázek.
6.
Pořadí na kvízu
Konečné umístění týmu na tomto kvízu.
Zaznamenané odpovědi
| # | Otázka | Odpověď | Body | Výsledky |
|---|---|---|---|---|
| 1. | Jak se jmenuje český politik,... | Jiří Pospíšil | 1 | |
| 2. | V Dánsku se stala hitem satiri... | California | 1 | |
| 3. | Který 56letý americký rockový... | Marilyn Manson | 0 | |
| 4. | V úterý byl představen Index p... | Turnov, Luhačovice | 0.5 | |
| 5. | V ligovém zápase mezi fotbalis... | výpadek světel | 1 | |
| 6. | Vítězné téma facebookového hla... | Augustus | 1 | |
| 7. | Který diktátor posbíral během... | Benito Mussolini | 0 | |
| 8. | Na fotce je rodný dům diktátor... | Kim Ir-sen (Kim Il-sung) | 0 | |
| 9. | Který diktátor se nechal před... | Alexandr Lukašenko | 1 | |
| 10. | Ve které zemi vládl diktátor P... | Kambodža, Rudí Khmerové | 1 |